Politická transformácia v postsovietskych krajinách
Súčasný stav spracovania problematiky v teoretickej rovine a vymedzenie smerov výskumu politickej transformácie v postsovietskych krajinách. Faktory, ktoré ovplyvňujú procesy demokratizácie a pomocou ktorých môžu byť tieto javy analyzované a overené.
Na minha lista:
| Autor principal: | |
|---|---|
| Formato: | Capítulo de Livro |
| Idioma: | eslovaco |
| Assuntos: | |
| Tags: |
Sem tags, seja o primeiro a adicionar uma tag!
|
MARC
| LEADER | 00000nla a2200000 4500 | ||
|---|---|---|---|
| 001 | 0236391 | ||
| 005 | 20240502073826.7 | ||
| 041 | 0 | |a slo | |
| 044 | |a SK | ||
| 245 | 1 | 0 | |a Politická transformácia v postsovietskych krajinách |c Tetyana Zubro |
| 520 | |a Súčasný stav spracovania problematiky v teoretickej rovine a vymedzenie smerov výskumu politickej transformácie v postsovietskych krajinách. Faktory, ktoré ovplyvňujú procesy demokratizácie a pomocou ktorých môžu byť tieto javy analyzované a overené. | ||
| 610 | 2 | 0 | |a transformácia |
| 610 | 2 | 0 | |a demokracia |
| 610 | 2 | 0 | |a demokratizácia |
| 610 | 2 | 0 | |a spoločnosť |
| 610 | 2 | 0 | |a voľby |
| 610 | 2 | 0 | |a moc verejná |
| 610 | 2 | 0 | |a právo |
| 610 | 2 | 0 | |a sloboda |
| 100 | 1 | |a Zubro, Tetyana, 1975- | |